000 00413nam a2200133Ia 4500
008 100328s9999 xx 000 0 und d
082 _b70058
100 _aभोसले सु.बा.
245 _aशिवपुत्र संभाजी.
260 _bअमोल.
630 _aशिवपुत्र संभाजी.
730 _aशिवपुत्र संभाजी.
942 _cBOOK
999 _c555786
_d555783